[Event "POL-chT 1st League 2020"]
[Site "Ustron"]
[Date "2020.09.06"]
[Round "2.17"]
[White "Tomaszewski, Kacper"]
[Black "Renkowski, Piotr"]
[Result "1-0"]
[WhiteElo "2341"]
[BlackElo "2149"]
[Annotator "TA"]
[PlyCount "77"]
[EventDate "2020.09.05"]
[EventType "team-tourn"]
[EventCountry "POL"]
[SourceTitle "playchess.com"]
[Source "ChessBase"]
[SourceQuality "1"]

{[%evp 17,77,17,43,10,3,-12,-11,-7,-15,-18,-10,-8,-7,-5,11,12,14,-33,-19,-89,-28,-35,0,0,0,-6,55,66,62,66,58,73,74,67,60,61,198,199,207,202,260,189,189,202,244,235,396,338,309,328,324,317,455,452,625,634,632,628,620,618,750,737]} 1. d4 d5 2. c4 c6 3. Nc3 Nf6 4. Nf3 e6 5. Bg5 Nbd7 6. e3 Be7 7. Qc2 O-O 8. a3 Re8 9. Rd1 a6 10. c5 {D61: Queen's Gambit Declined: Classical: 7 Qc2.} e5 11. dxe5 Ng4 12. Bf4 {h3 is the strong threat.The position is equal.} Bxc5 {[%cal Rg4e5] [#]} 13. h3 $146 ({Predecessor:} 13. Be2 h6 14. O-O Ba7 15. e4 d4 16. e6 fxe6 17. Nxd4 e5 18. Ne6 Rxe6 19. Bxg4 {1-0 (41) Gerhold,M (2183)-Steiner,B (2252) Oberpullendorf 2002}) 13... Ngxe5 14. Nxe5 Nxe5 15. Nxd5 $1 Ba7 16. Nc3 Qf6 17. Be2 (17. Ne4 $5 {[%cal Re4f6]} Qe7 18. Nd6 $11) 17... Bf5 18. Qb3 (18. Qa4 $1 $11) 18... b5 (18... Qg6 $17 {White must now prevent ...Bc2.} 19. Qxb7 (19. Bxe5 Qxg2 {[%mdl 64] Double Attack} 20. Rf1 Rxe5 $17) 19... Qxg2 {[%mdl 64] Double Attack}) 19. Qb4 c5 20. Bxe5 $1 Qxe5 ({Don't play} 20... cxb4 $6 21. Bxf6 bxc3 22. Bxc3 $16) 21. Qh4 Bb6 ({Black should play} 21... Be6 $11) 22. Rd5 $14 Qe6 23. Qf4 $36 {[%mdl 2048] Black is under pressure.} Bc2 24. Rd6 Qb3 25. Rxb6 {Threatens to win with 0-0.} Qxb2 26. Nd1 Bxd1 {Loses the game.} (26... Qxa3 $14 27. O-O Rad8) 27. Bxd1 $18 Qc3+ {[#]} 28. Ke2 $1 Qxa3 29. Kf3 c4 30. Bc2 Qc5 31. Rb7 Re7 $2 {[#]} (31... Rf8 32. Ra1 a5) 32. Bxh7+ $1 {[%mdl 512]} Kf8 (32... Kxh7 33. Qh4+) 33. Rxe7 Qxe7 34. Rd1 c3 (34... Rd8 $142) 35. Bf5 {White is clearly winning.} b4 36. Rd7 Qf6 37. Qxb4+ Kg8 38. Qf4 c2 39. Bxc2 {Accuracy: White = 78%, Black = 43%.} 1-0

[Event "POL-chT 1st League 2020"]
[Site "Ustron"]
[Date "2020.09.06"]
[Round "2.18"]
[White "Dwilewicz, Katarzyna"]
[Black "Kucharska, Honorata"]
[Result "1-0"]
[WhiteElo "2134"]
[BlackElo "2237"]
[Annotator "TA"]
[PlyCount "119"]
[EventDate "2020.09.05"]
[EventType "team-tourn"]
[EventCountry "POL"]
[SourceTitle "playchess.com"]
[Source "ChessBase"]
[SourceQuality "1"]

{[%evp 15,119,15,19,2,5,-18,23,-22,-18,-33,-28,-40,-51,-67,-24,-35,-36,-52,-27,-13,0,0,0,0,10,10,0,9,0,0,0,0,14,0,82,82,87,91,95,93,96,86,105,106,120,125,115,110,136,129,152,155,158,116,116,116,116,116,125,125,129,118,159,137,138,138,208,139,920,705,682,743,5514,5499,2538,1475,1307,1198,5810,5810,2887,1645,5810,5113,5089,5614,5445,4599,2360,2635,3262,1983,4293,3660,5682,4693,29979,29980,29980,29981,29981,29982,29982,29983,29983,29983]} 1. e4 c5 2. Nf3 d6 3. d4 cxd4 4. Nxd4 Nf6 5. Nc3 a6 6. a4 e5 7. Nf3 h6 8. Bc4 Be7 9. h3 {B90: Sicilian Najdorf: Unusual White 6th moves, 6 Be3 Ng4 and 6 Be3 e5.} Be6 10. Qe2 {[#]} Nc6 $146 ({Predecessor:} 10... Qc7 11. Bd5 Nc6 12. Qc4 Qd7 13. Be3 Rc8 14. Qb3 O-O 15. a5 Bd8 16. Bb6 Bxb6 17. axb6 Bxd5 18. exd5 {½-½ (46) Tifferet,S (1768)-Sazci,B (1650) Iasi 2012}) 11. Be3 {White has an edge.} Rc8 {[#] Strongly threatening ...Nd4.} 12. Nd5 Bxd5 13. exd5 Nb4 14. Rd1 Qa5 {Hoping for ...Nxc2+.} (14... Qc7 $5 {[%cal Rc7c4]} 15. b3 O-O $17) 15. O-O Nbxd5 16. Bd2 Qc5 17. Bb3 O-O 18. Nh4 Rfe8 19. Nf5 {Threatening Bxh6!} Bf8 20. Qf3 e4 21. Qg3 {[#] Nxh6+ is the strong threat.} Kh7 $1 22. Rfe1 Re5 23. Ne3 Nh5 24. Qh2 Nxe3 (24... Nhf6 $1 $11 {keeps the balance.}) 25. Bxe3 $16 Qc7 26. Bd4 Ree8 27. g4 Nf6 28. Qf4 Qe7 29. Bxf6 Qxf6 30. Qxf6 gxf6 31. Bxf7 Re7 32. Bd5 Rce8 33. Rd4 Kg7 34. Rdxe4 Rxe4 35. Rxe4 Rxe4 36. Bxe4 {[%mdl 4096] Endgame KB-KB} b6 37. Bb7 a5 38. f4 h5 39. Kf2 hxg4 40. hxg4 Kf7 (40... f5 $16 41. g5 (41. gxf5 Be7 $16) 41... Kf7) 41. Bd5+ $18 Ke7 $2 {[%mdl 8192] Black cannot hold the game after this.} (41... Kg6 $16 42. Ke3 Bg7) 42. Ke3 Bh6 43. Ke4 Bf8 44. Kf5 Bh6 45. c3 Kf8 46. g5 fxg5 47. fxg5 Bg7 48. Ke6 Be5 49. Kd7 Bf4 50. Kc6 Be3 51. g6 Kg7 52. Be4 Kf6 53. Kb5 d5 54. Bd3 Ke6 55. b4 axb4 56. cxb4 {White mates.} Bd4 57. Kc6 Be3 58. a5 bxa5 59. bxa5 Bd4 60. a6 {Accuracy: White = 87%, Black = 60%.} 1-0

[Event "POL-chT 1st League 2020"]
[Site "Ustron"]
[Date "2020.09.06"]
[Round "2.19"]
[White "Cukrowski, Filip"]
[Black "Pakleza, Zbigniew"]
[Result "1/2-1/2"]
[WhiteElo "2406"]
[BlackElo "2503"]
[Annotator "TA"]
[PlyCount "48"]
[EventDate "2020.09.05"]
[EventType "team-tourn"]
[EventCountry "POL"]
[SourceTitle "playchess.com"]
[Source "ChessBase"]
[SourceQuality "1"]

{[%evp 21,48,0,0,0,0,-47,0,-20,-20,-31,27,0,0,4,7,3,4,0,0,2,8,14,13,0,0,0,0,0,0]} 1. e4 c6 2. d4 d5 3. Nc3 {[%cal Bb1c3,Bc3e4,Be4g5][%mdl 32]} dxe4 4. Nxe4 Nd7 5. Bd3 Ngf6 6. Ng5 e6 7. N1f3 Bd6 8. Qe2 h6 9. Ne4 Nxe4 10. Qxe4 Qc7 $1 {[%mdl 4] now scores much better than the old 10...Nf6. Played by Radoslaw Wojtaszek in June 2020.} 11. Bd2 b6 12. O-O-O {B17: Caro-Kann: Modern Line (4...Nd7).} Bb7 13. c4 O-O-O (13... c5 $5 {[%cal Rb7e4]} 14. d5 Nf6 $11) 14. Bc3 c5 15. Qe2 Kb8 ({Black should play} 15... cxd4 $15 16. Bxd4 Kb8) 16. Kb1 {[#]} Bxf3 $146 {The position is equal.} ({Predecessor:} 16... cxd4 17. Nxd4 a6 18. Rhe1 Rhe8 19. Be4 Nf6 20. Bxb7 {½-½ (20) Cukrowski,F (2410)-Antoniewski,R (2497) Dzwirzyno 2019}) 17. Qxf3 cxd4 18. Bxd4 Ne5 19. Qe2 f6 20. b3 Nxd3 21. Rxd3 e5 22. Bc3 Bc5 23. Rhd1 Rxd3 24. Rxd3 Rd8 {A rather calm draw. Accuracy: White = 88%, Black = 82%.} 1/2-1/2

[Event "POL-chT 1st League 2020"]
[Site "Ustron"]
[Date "2020.09.06"]
[Round "2.20"]
[White "Jakubiec, Artur"]
[Black "Pacan-Milej, Kosma"]
[Result "1/2-1/2"]
[WhiteElo "2463"]
[BlackElo "2420"]
[Annotator "TA"]
[PlyCount "67"]
[EventDate "2020.09.05"]
[EventType "team-tourn"]
[EventCountry "POL"]
[SourceTitle "playchess.com"]
[Source "ChessBase"]
[SourceQuality "1"]

{[%evp 26,67,34,10,91,33,33,24,15,16,46,54,45,31,17,15,96,92,88,92,95,85,106,89,81,89,91,0,0,0,0,0,8,0,0,0,0,0,0,0,0,0,0,0]} 1. e4 c5 2. Nf3 Nc6 3. d4 cxd4 4. Nxd4 Nf6 5. Nc3 e5 6. Ndb5 d6 7. Bg5 a6 8. Na3 b5 9. Bxf6 gxf6 10. Nd5 Bg7 11. c3 Ne7 12. Nxe7 Qxe7 13. Bd3 f5 14. Nc2 d5 {B33: Sicilian: Pelikan and Sveshnikov Variations.} (14... Qb7 $11) 15. exd5 (15. exf5 $16 d4 16. Be4) 15... e4 16. Be2 O-O {White has an edge.} 17. a4 {[#]} f4 $146 ({Predecessor:} 17... Bd7 18. axb5 axb5 19. O-O f4 20. Re1 Rxa1 21. Qxa1 Qg5 22. Bf1 Qxd5 {0-1 (40) Makropoulou,M (2287)-Kovalevskaya,E (2457) Sheki 2005}) 18. axb5 f3 19. Bf1 (19. gxf3 exf3 20. Rg1 Kh8 $17) 19... Bg4 {[#] White must now prevent ...fxg2.} 20. Rg1 {aiming for gxf3.} h5 (20... axb5 $11 21. Rxa8 (21. Bxb5 Rxa1 22. Qxa1 Qe5 $11) 21... Rxa8) 21. h3 $16 Qe5 22. hxg4 Qh2 23. gxf3 ({Weaker is} 23. Rxa6 Qxg1 24. g3 (24. gxf3 h4 $17) 24... Rxa6 $17) 23... Qxg1 24. fxe4 ({Stronger than} 24. Rxa6 h4 $17) 24... axb5 25. Rxa8 Rxa8 26. d6 (26. gxh5 $16 {And now d6 would win.} Ra2 27. d6) 26... hxg4 $11 {The position is equal.} 27. d7 Rd8 28. Qd6 {[#] Strongly threatening Qe7.} g3 $132 {[%mdl 2048] Black is not keeping still} 29. fxg3 Qh2 30. Be2 Qh1+ 31. Kf2 {Threatening Ne3.} Qh2+ 32. Ke1 Qh1+ 33. Kf2 {next Ne3 is good for White.} Qh2+ 34. Ke1 {Accuracy: White = 87%, Black = 70%.} 1/2-1/2

[Event "POL-chT 1st League 2020"]
[Site "Ustron"]
[Date "2020.09.06"]
[Round "2.21"]
[White "Licznerski, Lukasz"]
[Black "Olsen, Filip Boe"]
[Result "1/2-1/2"]
[WhiteElo "2377"]
[BlackElo "2351"]
[Annotator "TA"]
[PlyCount "129"]
[EventDate "2020.09.05"]
[EventType "team-tourn"]
[EventCountry "POL"]
[SourceTitle "playchess.com"]
[Source "ChessBase"]
[SourceQuality "1"]

{[%evp 23,129,34,33,25,38,22,23,31,27,27,31,27,25,28,60,60,57,61,72,79,89,89,92,92,92,37,91,92,92,92,92,69,69,69,80,69,85,85,94,69,69,69,69,69,69,69,69,69,69,69,69,69,69,63,63,63,63,63,63,63,63,63,63,63,63,63,63,63,63,0,0,0,0,0,0,0,0,0,0,0,0,0,0,0,0,0,12837,12837,12837,12835,12835,0,0,0,12834,0,0,0,0,0,0,0,0,0,0,0,0,0]} 1. e4 c5 2. Nf3 d6 3. Bb5+ Bd7 4. Bxd7+ Qxd7 5. c4 Nf6 6. Nc3 g6 7. d4 cxd4 8. Nxd4 Bg7 9. f3 O-O 10. Be3 Nc6 11. O-O Rfc8 12. b3 Qd8 13. Qd3 {B52: Sicilian: Moscow Variation with 3...Bd7.} Nd7 {[#]} 14. Rfd1 $146 ({Predecessor:} 14. Kh1 a6 15. Nxc6 bxc6 16. Rad1 Ne5 17. Qc2 Qa5 18. Na4 c5 19. Bg5 Nc6 20. Qf2 Bd4 {1-0 (37) Sousa,A (2411)-Romano,L (2052) Porto 2016}) 14... Nxd4 $1 15. Bxd4 {White has an edge.} Bxd4+ 16. Qxd4 Qb6 17. Qxb6 Nxb6 18. Nd5 Kf8 19. Nxb6 axb6 $14 {[%mdl 4096] Endgame KRR-KRR} 20. a4 g5 21. Kf2 f6 22. h4 h6 23. Rh1 Kf7 24. Rad1 (24. g4 $16) 24... Ke6 ({Black should play} 24... b5 $14) 25. Rd5 $16 Rc5 26. Ke3 Rg8 27. hxg5 hxg5 28. Rh7 Kd7 29. Kd3 Re8 30. Kc3 Rg8 31. g4 Rgc8 32. Kb4 Ke6 33. Rd1 Rg8 34. Rd2 Rgc8 35. Rd5 Kd7 36. Rd1 Ke6 37. Rdh1 Rg8 38. Rh8 Rxh8 39. Rxh8 $14 {Hoping for Rb8. KR-KR} Kd7 $1 40. Rb8 Kc7 41. Ra8 (41. Rf8 {is interesting.} Kc6 42. Kc3 Kd7 43. Rh8 Rc8 44. Rh1) 41... Kd7 42. Rh8 Kc7 43. Rh1 Kd7 44. Rd1 Kc7 45. Rd5 Kc6 46. Rf5 (46. Rd2 $14) 46... Re5 $11 47. Kc3 Kc5 48. b4+ Kc6 49. Kd4 Kd7 50. Ke3 Ke6 51. f4 gxf4+ 52. Kxf4 {Threatening Rxe5+.} Rxf5+ 53. exf5+ {KP-KP} Kf7 54. Ke4 e5 $2 {[%mdl 8192] [#]} (54... Ke8 $11) 55. fxe6+ $1 $18 Kxe6 56. Kd4 Ke7 57. Kd5 $2 (57. Kd3 $18 {And now Ke4 would win.} Ke8 58. Ke3) 57... Kd7 $11 58. Kd4 $2 {[%mdl 8192]} (58. a5 $11 bxa5 59. bxa5) 58... Ke7 $18 59. Kd5 $2 ({White should try} 59. Ke3 $18 Ke8 60. Ke4) 59... Kd7 $11 {The position is equal.} 60. a5 bxa5 61. bxa5 Ke7 62. c5 dxc5 63. Kxc5 {[#] White threatens Kb6 and mate.} Kd7 64. Kd5 Ke7 65. Kc5 {Accuracy: White = 91%, Black = 93%.} 1/2-1/2

[Event "POL-chT 1st League 2020"]
[Site "Ustron"]
[Date "2020.09.06"]
[Round "2.22"]
[White "Szoen, Dariusz"]
[Black "Godzwon, Iwo"]
[Result "1/2-1/2"]
[WhiteElo "2407"]
[BlackElo "2317"]
[Annotator "TA"]
[PlyCount "56"]
[EventDate "2020.09.05"]
[EventType "team-tourn"]
[EventCountry "POL"]
[SourceTitle "playchess.com"]
[Source "ChessBase"]
[SourceQuality "1"]

{[%evp 16,56,33,12,12,9,13,20,14,0,0,-6,-16,-21,-23,-20,-17,-25,0,-34,-8,-23,0,0,14,0,0,0,0,0,0,0,0,0,0,0,0,0,0,0,0,0,0]} 1. c4 e5 2. Nc3 Nc6 3. g3 Bc5 4. e3 Nf6 5. Bg2 O-O 6. Nge2 d6 7. d4 Bb6 8. O-O exd4 9. exd4 h6 {A25: English Opening vs King's Indian with ...Nc6 but without early d3.} 10. Na4 {[#]} Re8 $146 ({Predecessor:} 10... Ne7 11. Nxb6 axb6 12. d5 Bd7 13. Nd4 Qc8 14. Re1 Ng6 15. b3 Bh3 16. Bh1 Qd7 {1-0 (53) Barnaure,V (2454)-Samakov,N (2209) Istanbul 2005}) 11. Nxb6 axb6 12. Nc3 Bf5 13. Be3 Qd7 14. Qd2 Ne4 15. Nxe4 Bxe4 16. f3 Bg6 17. d5 Ne5 18. b3 Ra3 {Threatens to win with ...Nxc4!} 19. Bd4 {The position is equal.} Qf5 (19... b5 {is more complex.} 20. cxb5 Qxb5 21. Rfe1 Raa8 22. Qc3 Qd3) 20. Bb2 (20. f4 {is more complex.} Nd7 21. Qb2 Raa8 22. a4 Qc2 23. Bxg7 Re2 24. Qxc2 Bxc2 25. Bf3) 20... Ra7 21. Bxe5 Rxe5 22. f4 Re8 23. Rfe1 $36 {[%mdl 2048] White fights for an advantage.} Raa8 24. Rxe8+ Rxe8 25. Bf3 Kf8 26. Kf2 Ra8 27. a4 Bh5 28. Re1 Bxf3 {A rather calm draw. Accuracy: White = 94%, Black = 93%.} 1/2-1/2

[Event "POL-chT 1st League 2020"]
[Site "Ustron"]
[Date "2020.09.06"]
[Round "2.23"]
[White "Kowalczyk, Pawel"]
[Black "Boe, Mads"]
[Result "1-0"]
[WhiteElo "2339"]
[BlackElo "2284"]
[Annotator "TA"]
[PlyCount "119"]
[EventDate "2020.09.05"]
[EventType "team-tourn"]
[EventCountry "POL"]
[SourceTitle "playchess.com"]
[Source "ChessBase"]
[SourceQuality "1"]

{[%evp 9,119,17,37,13,12,0,9,8,8,0,-8,-20,-10,-47,-43,-47,66,64,62,59,62,63,51,56,52,55,80,68,88,80,85,89,85,91,122,123,123,123,122,108,130,129,142,122,143,143,158,144,138,91,164,121,155,143,154,140,137,136,133,108,114,83,102,10,110,90,125,0,108,104,131,123,128,112,186,195,219,213,204,139,158,81,193,191,218,212,183,124,182,131,206,183,424,410,394,386,441,452,470,461,442,447,546,522,544,540,589,585,912,906,1052,1024]} 1. e4 c6 2. Nc3 d5 3. Nf3 Bg4 4. h3 Bxf3 5. Qxf3 e6 6. Qg3 {B11: Caro-Kann: Two Knights Variation.} Ne7 7. d3 Nd7 8. Be2 {The position is equal.} g6 9. O-O Bg7 10. f4 O-O {[#]} 11. h4 $146 ({Predecessor:} 11. Kh1 a5 12. a4 Kh8 13. Bf3 f5 14. e5 Rg8 15. d4 Bf8 16. Be3 Nc8 17. Qf2 {1-0 (32) Kadric,D (2509)-Pogan,N (2260) Veliko Gradiste 2018}) 11... h5 12. Kh1 f5 (12... b5 $15) 13. e5 $1 $14 Kh7 14. Nb1 {[%cal Bc3b1,Bb1d2,Bd2f3,Bf3g5][%mdl 32]} Ng8 15. Nd2 Nh6 16. Nf3 Re8 17. a4 a5 18. Be3 Nb6 19. Rfb1 Bf8 20. Ng5+ Kh8 21. c3 Nc8 22. b4 axb4 23. cxb4 Qd7 24. Qe1 Nf7 25. Nf3 Ne7 26. Qc3 Rec8 27. Bc5 Nh6 28. Qb3 Ng4 29. Rc1 Ng8 (29... d4 $16) 30. Bg1 Bh6 31. g3 $1 Bf8 32. Ra2 Be7 33. Bd1 Bd8 34. Rac2 Ne7 35. Rc3 Kg8 36. Qc2 (36. Qa2 $16) 36... Kg7 (36... d4 $1 $11 37. Nxd4 (37. Bxd4 Nd5 $11) 37... Nd5) 37. Nd4 Kf7 38. Nf3 Kg7 39. Qb2 Kg8 40. Nd4 Kf7 41. Nb3 d4 (41... Rcb8 $16) 42. Nxd4 $18 Nd5 {[#]} 43. Bb3 $1 Bb6 {And now ...Bxd4 would win.} 44. Rc4 Re8 45. Qd2 (45. b5 $142 {[%cal Rb5c6]} Nge3 46. bxc6 bxc6 47. Rxc6 Bxd4 48. Qxd4) 45... Ba7 {[#]} (45... Nde3 $16 46. Bxe3 Qd5+ 47. Kg1 Nxe3 48. Qxe3 Rad8) 46. Nf3 $1 Nge3 47. Re1 {[%cal Rg1e3]} Ng4 48. d4 (48. Bxa7 $18 Rxa7 49. Rec1) 48... Kg7 (48... Bb6 $16 {keeps fighting.}) 49. Rec1 ({White should play} 49. a5 $18) 49... Rad8 (49... Bb6 $16 50. a5 Bd8) 50. R4c2 Qe7 $2 (50... Re7 51. a5 Nc7) 51. b5 cxb5 52. Qa5 {Hoping for Bxd5.} Bb6 53. Qxb5 {aiming for Bxd5.White is clearly winning.} Qb4 54. Qxb4 Nxb4 55. Rd2 Ba5 56. Rc5 Nc6 57. Rdc2 Re7 58. Rb5 Nh6 59. Ng5 Rde8 60. Nxe6+ {Accuracy: White = 80%, Black = 58%.} 1-0

[Event "POL-chT 1st League 2020"]
[Site "Ustron"]
[Date "2020.09.06"]
[Round "2.24"]
[White "Kubicka, Anna"]
[Black "Starosta, Martyna"]
[Result "1/2-1/2"]
[WhiteElo "2264"]
[BlackElo "2038"]
[Annotator "TA"]
[PlyCount "102"]
[EventDate "2020.09.05"]
[EventType "team-tourn"]
[EventCountry "POL"]
[SourceTitle "playchess.com"]
[Source "ChessBase"]
[SourceQuality "1"]

{[%evp 15,102,22,10,12,62,29,34,29,37,47,30,40,43,34,43,46,51,9,80,74,89,72,68,69,61,29,33,36,28,20,13,6,13,0,54,54,68,51,50,37,68,64,72,59,73,61,78,78,82,70,73,18,18,18,18,12,11,12,12,12,41,16,13,7,12,9,20,0,0,0,0,0,0,0,0,0,0,0,0,0,0,0,0,0,0,0,0,0,0]} 1. d4 Nf6 2. c4 g6 3. g3 c6 4. Bg2 d5 5. Nf3 Bg7 6. O-O O-O 7. Nc3 Ne4 8. cxd5 cxd5 (8... Nxc3 9. bxc3 cxd5 10. Nd2 e6 11. e4 Qc7 12. Qb3 Rd8 13. exd5 exd5 14. Bxd5 Rxd5 15. Qxd5 Bh3 16. Re1 Nc6 17. Ne4 Rd8 18. Bf4 Qc8 19. Qb3 {1-0 (29) Kubicka,A (2221)-Starosta,M (2019) Warsaw 2019}) 9. Ne5 {D79: Fianchetto Grünfeld: Symmetrical Variation (6 0-0 c6 7 cxd5 cxd5).} f6 10. Nd3 Nc6 11. Nf4 {White is slightly better.} e6 12. Nxe4 dxe4 {[#]} 13. Bxe4 $146 ({Predecessor:} 13. d5 exd5 14. Qxd5+ Qxd5 15. Nxd5 f5 16. Rd1 Kf7 17. Nc7 Rb8 18. Bf4 Bxb2 19. Rab1 Be5 20. f3 Bxf4 21. gxf4 e3 22. Rb3 Rd8 23. Rxd8 {½-½ (23) Sorensen,T (2360)-Hansson,D (2280) Reykjavik 1988}) 13... Nxd4 14. Be3 f5 15. Bg2 Qb6 16. Qa4 Qb5 ({Don't go for} 16... Qxb2 $2 17. Rad1 $18) (16... Rf7 $11 {remains equal.}) 17. Qxb5 $16 Nxb5 18. Rad1 e5 19. Nd5 Rf7 $1 20. a4 Nd4 21. Bxd4 exd4 22. Rc1 Rb8 23. Nc7 Re7 24. Rc2 b6 (24... Bd7 $11) 25. Rfc1 $36 {[%mdl 2048] [#] Nd5 is the strong threat. White has the initiative.} Bb7 26. Bxb7 Rxb7 27. Nd5 Red7 28. Nb4 Bh6 29. Rd1 Bf8 30. Nd3 Bd6 31. Rc4 Be7 32. Ne5 Rd5 33. Nf3 (33. Nc6 $16) 33... b5 $11 34. Rc8+ Kf7 $1 35. b3 {[%cal Bb2b3,Bb3a4][%mdl 32]} bxa4 36. bxa4 Rb4 37. e3 {[%cal Re3d4]} d3 {[#]} 38. Rxd3 $1 {[%mdl 576] Decoy} Rxd3 {The position is equal.} 39. Ne5+ {[%mdl 64] Double Attack} Kf6 40. Nxd3 Rxa4 {[%mdl 4096] Endgame KRB-KRN} 41. Nf4 Bd6 42. Kg2 Bxf4 43. gxf4 {KR-KR} Ra2 44. Rc7 h6 45. Rh7 h5 46. Rc7 a5 47. Ra7 a4 48. Ra6+ Kf7 49. Kg3 Kg7 50. Ra7+ Kf6 51. Ra6+ Kf7 {Accuracy: White = 88%, Black = 86%.} 1/2-1/2

[Event "POL-chT 1st League 2020"]
[Site "Ustron"]
[Date "2020.09.06"]
[Round "2.25"]
[White "Szpar, Milosz"]
[Black "Kowalski, Igor"]
[Result "1-0"]
[WhiteElo "2397"]
[BlackElo "2397"]
[Annotator "TA"]
[PlyCount "69"]
[EventDate "2020.09.05"]
[EventType "team-tourn"]
[EventCountry "POL"]
[SourceTitle "playchess.com"]
[Source "ChessBase"]
[SourceQuality "1"]

{[%evp 15,69,18,41,37,40,35,43,21,64,55,355,351,394,393,408,400,425,422,447,404,425,391,466,445,430,441,441,440,439,434,439,421,432,428,425,441,433,419,437,424,442,441,439,448,539,451,439,399,429,397,434,419,567,565,737,742]} 1. e4 e5 2. Nf3 Nc6 3. Bb5 a6 4. Ba4 Nf6 5. O-O b5 6. Bb3 Bc5 7. a4 Bb7 8. d3 d6 9. Nc3 {C78: Ruy Lopez: Archangelsk and Möller Defences.} Na5 {was the old line (9...b4).} 10. Ba2 b4 11. Ne2 {White is slightly better.} b3 12. Bd2 {[#]} bxc2 $146 {[%mdl 8192]} (12... bxa2 $14 13. Bxa5 O-O) ({Predecessor:} 12... bxa2 13. Bxa5 O-O 14. c4 Ne8 15. Ng3 g6 16. Bc3 Ng7 17. b4 Ba7 18. d4 exd4 19. Nxd4 {1-0 (77) Zhu,Y (2195)-Assaubayeva,B (2359) Sharjah 2018}) 13. Qxc2 $18 Nc6 {[#]} 14. Qb3 $1 {[%csl Ga2,LRb7,LRf7][%cal Rb3f7][%mdl 576] Double Attack} O-O 15. Qxb7 Nb4 16. Bxb4 Rb8 17. Qxa6 Rxb4 18. b3 Nd7 19. d4 Bxd4 20. Nexd4 exd4 21. Rad1 Rb6 22. Qe2 c5 23. Nd2 Nf6 24. Nc4 Rb7 25. Qf3 Re7 26. Bb1 Rfe8 27. Qg3 Re6 28. Bd3 g6 29. h3 Kg7 30. b4 Nh5 31. Qg4 cxb4 32. Bc2 b3 33. Bb1 Qa8 34. Rxd4 Qxa4 35. Nxd6 {[%mdl 64] Discovered Attack. Black did not feel at home in the position after the opening. Accuracy: White = 100%, Black = 53%.} 1-0

[Event "POL-chT 1st League 2020"]
[Site "Ustron"]
[Date "2020.09.06"]
[Round "2.26"]
[White "Chylewski, Patryk"]
[Black "Mis, Mieszko"]
[Result "1/2-1/2"]
[WhiteElo "2324"]
[BlackElo "2350"]
[Annotator "TA"]
[PlyCount "75"]
[EventDate "2020.09.05"]
[EventType "team-tourn"]
[EventCountry "POL"]
[SourceTitle "playchess.com"]
[Source "ChessBase"]
[SourceQuality "1"]

{[%evp 10,75,52,42,42,42,51,40,46,40,47,46,52,43,53,35,31,33,32,22,30,30,30,30,30,30,33,33,48,36,41,42,64,47,50,48,66,32,63,73,87,50,59,40,41,15,39,0,0,0,0,0,89,0,33,0,0,0,0,0,0,-20,-20,-20,-20,-20,-20,-24]} 1. e4 d6 2. d4 Nf6 3. f3 e5 4. dxe5 dxe5 5. Qxd8+ Kxd8 6. Bc4 Ke7 {B07: Pirc Defence: Miscellaneous Systems.} 7. Be3 Be6 8. Nd2 Nc6 {White is slightly better.} 9. O-O-O Bxc4 10. Nxc4 Ke6 11. Nh3 h6 12. Nf2 b5 13. Nd2 {[#]} Nd7 $146 ({Predecessor:} 13... Be7 14. g3 Rhd8 15. f4 Bd6 16. c4 a6 17. Kb1 exf4 18. gxf4 Nh5 19. cxb5 axb5 {1-0 (60) Bobel,P (2293)-Delrieu,J (2045) ICCF email 2013}) 14. Nb3 a5 15. Rd5 a4 16. Nc5+ Bxc5 $1 17. Bxc5 Nf6 18. Rd2 Nd7 19. Nd3 Rhd8 20. Rhd1 Nb6 21. Bf2 Ke7 22. b3 f6 23. f4 Nd7 24. Kb2 g5 25. fxe5 fxe5 26. Bg3 Ke6 27. h4 a3+ 28. Kc3 Nd4 29. Rf2 c5 30. hxg5 c4 {[#]} (30... hxg5 $11 {remains equal.} 31. Rdf1 Rac8) 31. bxc4 ({Better is} 31. Nxe5 $1 $16 Nxe5 32. Rf6+ {[%mdl 64] Double Attack} Ke7 33. Rxd4 b4+ 34. Kxb4 Rxd4 35. Bxe5 Rxe4 36. Bd6+ Kd7 37. gxh6) 31... Rac8 32. Nxe5 Nxe5 {The position is equal.} 33. Rf6+ Ke7 34. Rxd4 b4+ $1 35. Kxb4 Rxd4 36. Bxe5 Rdxc4+ {[%mdl 64] [#] Double Attack} 37. Kxa3 hxg5 38. Rg6 {Accuracy: White = 78%, Black = 90%.} 1/2-1/2